[Event "Phillips & Drew Kings"]
[Site "London"]
[Date "1980.04.16"]
[Round "6"]
[White "Stean, Michael"]
[Black "Miles, Anthony J"]
[Result "0-1"]
[WhiteElo "2530"]
[BlackElo "2545"]
[PlyCount "62"]
[EventDate "1980.04.10"]
[EventType "tourn"]
[EventRounds "11"]
[EventCountry "ENG"]
[EventCategory "13"]
[SourceTitle "Britbase"]

1. c4 b6 2. d4 Bb7 3. Nc3 e6 4. a3 f5 5. d5 Nf6 6. g3 Bc5 7. Bg2 O-O 8. Nh3 a5
9. O-O Na6 10. b3 Qe8 11. Bb2 e5 12. e4 Qg6 13. Qc2 Ng4 14. exf5 Rxf5 15. Be4
Raf8 16. Kg2 Rxf2+ 17. Rxf2 Ne3+ 18. Kh1 Nxc2 19. Rxf8+ Bxf8 20. Bxg6 Nxa1 21.
Bxh7+ Kxh7 22. Bxa1 Nc5 23. Nd1 Nxb3 24. Bxe5 Nd2 25. Bxc7 Nxc4 26. Nc3 Bxa3
27. Ng5+ Kg6 28. Nge4 b5 29. Nxb5 Bxd5 30. Nbc3 Bc6 31. Kg1 Bb4 0-1

[Event "Phillips & Drew Kings"]
[Site "London"]
[Date "1980.04.17"]
[Round "7"]
[White "Ljubojevic, Ljubomir"]
[Black "Sosonko, Gennadi"]
[Result "1/2-1/2"]
[WhiteElo "2590"]
[BlackElo "2545"]
[PlyCount "59"]
[EventDate "1980.04.10"]
[EventType "tourn"]
[EventRounds "11"]
[EventCountry "ENG"]
[EventCategory "13"]
[SourceTitle "Britbase"]

1. e4 c5 2. Nf3 Nc6 3. d4 cxd4 4. Nxd4 e5 5. Nb5 a6 6. Nd6+ Bxd6 7. Qxd6 Qf6 8.
Qd2 Nge7 9. b3 d6 10. Ba3 Be6 11. c4 Nd4 12. Nc3 Bd7 13. Bd3 O-O 14. f3 b5 15.
O-O Rab8 16. Nd5 Nxd5 17. cxd5 Qg6 18. Kh1 f5 19. Qb4 Rf6 20. Bb2 fxe4 21. fxe4
Rbf8 22. Bxd4 exd4 23. Qxd4 Rxf1+ 24. Rxf1 Rxf1+ 25. Bxf1 Qg5 26. Kg1 Kf8 27.
g3 Ke7 28. b4 Qf6 29. Qd2 h6 30. Be2 1/2-1/2

[Event "Phillips & Drew Kings"]
[Site "London"]
[Date "1980.04.24"]
[Round "12"]
[White "Larsen, Bent"]
[Black "Short, Nigel David"]
[Result "1-0"]
[WhiteElo "2590"]
[BlackElo "2360"]
[PlyCount "105"]
[EventDate "1980.04.10"]
[EventType "tourn"]
[EventRounds "11"]
[EventCountry "ENG"]
[EventCategory "13"]
[SourceTitle "Britbase"]

1. c4 c5 2. Nf3 Nc6 3. e3 Nf6 4. Nc3 e6 5. d4 cxd4 6. exd4 d5 7. Bg5 Be7 8. c5
O-O 9. Rc1 h6 10. Be3 Ng4 11. Bb5 Nxe3 12. fxe3 Bd7 13. O-O a6 14. Ba4 f5 15.
a3 Bf6 16. b4 g5 17. Qd3 Ne7 18. Bxd7 Qxd7 19. a4 g4 20. Ne1 Bg5 21. Qe2 Kh8
22. Nd3 Ng6 23. Nf4 Nxf4 24. exf4 Bf6 25. Qe3 Kg7 26. Rfd1 Kf7 27. Rd3 Rfe8 28.
b5 axb5 29. axb5 Ra5 30. Rd2 Rea8 31. Rb2 h5 32. Rcb1 Ra3 33. Qd2 Qc7 34. b6
Qd7 35. Nb5 R3a4 36. Rb4 Rxb4 37. Qxb4 Ra2 38. Qb3 Ra5 39. Kf2 h4 40. Ke3 Kg6
41. Kd3 Bh8 42. Nc3 Qc8 43. Qb4 Qa8 44. c6 Qa6+ 45. Kc2 bxc6 46. b7 c5 47. Qb3
Bxd4 48. b8=Q Bxc3 49. Kxc3 Ra3 50. Kd2 Rxb3 51. Qxb3 d4 52. Ke1 c4 53. Qb6 1-0

[Event "Phillips & Drew Knights"]
[Site "London"]
[Date "1980.04.11"]
[Round "1"]
[White "Flear, Glenn C"]
[Black "Blackstock, Leslie Steven F"]
[Result "1/2-1/2"]
[WhiteElo "2320"]
[BlackElo "2345"]
[PlyCount "50"]
[EventDate "1980.04.11"]
[EventType "tourn"]
[EventRounds "15"]
[EventCountry "ENG"]
[EventCategory "5"]
[SourceTitle "Britbase"]

1. d4 Nf6 2. c4 e6 3. Nc3 Bb4 4. e3 O-O 5. Bd3 c5 6. Nf3 d5 7. O-O Nc6 8. a3
Bxc3 9. bxc3 Qc7 10. cxd5 exd5 11. Nh4 Ne7 12. Ra2 Re8 13. Re2 Ng6 14. Nxg6
hxg6 15. f3 Bf5 16. Bb5 Bd7 17. Bxd7 Qxd7 18. dxc5 Qc6 19. Qd4 Rac8 20. c4 Qxc5
21. Qxc5 Rxc5 22. cxd5 Rec8 23. Bb2 Rxd5 24. Rfe1 Rd3 25. Kf2 Kf8 1/2-1/2

[Event "Phillips & Drew Knights"]
[Site "London"]
[Date "1980.04.11"]
[Round "1"]
[White "Plaskett, H James"]
[Black "Friedgood, David"]
[Result "1-0"]
[WhiteElo "2405"]
[BlackElo "2335"]
[PlyCount "63"]
[EventDate "1980.04.11"]
[EventType "tourn"]
[EventRounds "15"]
[EventCountry "ENG"]
[EventCategory "5"]
[SourceTitle "Britbase"]

1. d4 Nf6 2. Nf3 g6 3. c4 Bg7 4. Nc3 c5 5. e4 O-O 6. Be2 d6 7. O-O cxd4 8. Nxd4
Nc6 9. Nc2 Nd7 10. Bd2 Nc5 11. b4 Ne6 12. Rc1 a5 13. a3 axb4 14. axb4 Ncd4 15.
Be3 Nb3 16. Rb1 Bxc3 17. Rxb3 Bg7 18. f4 b5 19. cxb5 Bb7 20. f5 Nc7 21. Bd4
Bxe4 22. Bxg7 Bxc2 23. Qxc2 Kxg7 24. Qc6 Rc8 25. Bg4 Rb8 26. Be2 Rc8 27. Re3
gxf5 28. Rxf5 Ne6 29. Qe4 Qb6 30. Bd3 Qd4 31. Rg5+ Kh6 32. Qxd4 1-0

[Event "Phillips & Drew Knights"]
[Site "London"]
[Date "1980.04.11"]
[Round "1"]
[White "Povah, Nigel"]
[Black "Crouch, Colin S"]
[Result "1-0"]
[WhiteElo "2385"]
[BlackElo "2330"]
[PlyCount "77"]
[EventDate "1980.04.11"]
[EventType "tourn"]
[EventRounds "15"]
[EventCountry "ENG"]
[EventCategory "5"]
[SourceTitle "Britbase"]

1. e4 e5 2. Nf3 Nc6 3. Bb5 a6 4. Ba4 d6 5. Bxc6+ bxc6 6. d4 exd4 7. Qxd4 c5 8.
Qd3 Ne7 9. c4 Ng6 10. Nc3 Be7 11. O-O O-O 12. Nd5 Re8 13. b3 Bf8 14. Bb2 Ra7
15. Rad1 Bg4 16. h3 Be6 17. Rfe1 c6 18. Nc3 Rd7 19. Qe3 f6 20. Rd3 Qb8 21. Na4
Bf5 22. Qd2 Rxe4 23. Rxe4 Bxe4 24. Nxc5 Re7 25. Nxe4 Rxe4 26. Ba3 d5 27. Bxf8
Kxf8 28. cxd5 Nf4 29. dxc6 Nxd3 30. Qxd3 Re8 31. Qxa6 Rd8 32. g3 Qc8 33. Qb6
Rd6 34. Nd4 Ke8 35. Qc5 Rd8 36. Kh2 g6 37. b4 h5 38. Nb5 Qf5 39. Qxf5 1-0

[Event "Phillips & Drew Knights"]
[Site "London"]
[Date "1980.04.11"]
[Round "1"]
[White "Large, Peter G"]
[Black "Silva, Marco A"]
[Result "0-1"]
[WhiteElo "2310"]
[BlackElo "2290"]
[PlyCount "78"]
[EventDate "1980.04.11"]
[EventType "tourn"]
[EventRounds "15"]
[EventCountry "ENG"]
[EventCategory "5"]
[SourceTitle "Britbase"]

1. e4 e5 2. Nf3 Nc6 3. Bb5 a6 4. Ba4 Nf6 5. O-O Be7 6. Re1 b5 7. Bb3 d6 8. c3
O-O 9. h3 Bb7 10. d4 Re8 11. Nbd2 Bf8 12. a4 g6 13. Bc2 exd4 14. cxd4 Nb4 15.
Bb1 c5 16. b3 Qc7 17. Bb2 Bg7 18. axb5 axb5 19. Rxa8 Bxa8 20. dxc5 dxc5 21. Qe2
Bc6 22. Rc1 Qe7 23. Ba3 Nfd5 24. e5 Nf4 25. Qe3 Bxf3 26. Nxf3 Nbd5 27. Qe4 f5
28. Qc2 Nc3 29. Re1 Nfd5 30. Qd3 Kh8 31. Bb2 b4 32. h4 Qc7 33. e6 Kg8 34. Qc4
Nb6 35. Qd3 c4 36. bxc4 Nxc4 37. Bxc3 bxc3 38. Ba2 Ne5 39. Nxe5 Bxe5 {time} 0-1

[Event "Phillips & Drew Knights"]
[Site "London"]
[Date "1980.04.11"]
[Round "1"]
[White "Wicker, Kevin J"]
[Black "Goodman, David SC"]
[Result "1-0"]
[WhiteElo "2340"]
[BlackElo "2375"]
[PlyCount "65"]
[EventDate "1980.04.11"]
[EventType "tourn"]
[EventRounds "15"]
[EventCountry "ENG"]
[EventCategory "5"]
[SourceTitle "Britbase"]

1. g3 g6 2. Bg2 Bg7 3. d4 d6 4. e4 Nc6 5. Ne2 e5 6. d5 Nce7 7. Nbc3 f5 8. f4
Nf6 9. fxe5 dxe5 10. Bg5 h6 11. Bxf6 Bxf6 12. Qd3 a6 13. O-O-O Qd6 14. exf5
gxf5 15. g4 e4 16. Qc4 Rg8 17. Bh3 b5 18. Qb3 Bg5+ 19. Kb1 b4 20. Na4 f4 21. c4
bxc3 22. Nexc3 e3 23. Ne4 Qg6 24. Nac5 f3 25. d6 e2 26. dxc7 exd1=Q+ 27. Rxd1
Be6 28. Qa4+ Kf7 29. Rd6 Qh7 30. Nxe6 Nc8 31. N6xg5+ hxg5 32. Qc4+ Ke8 33. Rd8+
1-0

[Event "Phillips & Drew Knights"]
[Site "London"]
[Date "1980.04.11"]
[Round "1"]
[White "Kaiszauri, Konstanty"]
[Black "Britton, Richard"]
[Result "1-0"]
[WhiteElo "2365"]
[BlackElo "2330"]
[PlyCount "67"]
[EventDate "1980.04.11"]
[EventType "tourn"]
[EventRounds "15"]
[EventCountry "ENG"]
[EventCategory "5"]
[SourceTitle "Britbase"]

1. c4 Nf6 2. Nc3 g6 3. g3 Bg7 4. Bg2 O-O 5. Nf3 d6 6. O-O Nc6 7. Rb1 a5 8. a3
Nh5 9. b4 axb4 10. axb4 e5 11. b5 Ne7 12. d4 Bf5 13. e4 Be6 14. Nd5 Nc8 15. Bb2
c6 16. bxc6 bxc6 17. Ne3 Nb6 18. c5 dxc5 19. Nxe5 Bxe5 20. dxe5 Na4 21. Ba1 Qa5
22. Nf5 Rfd8 23. Qf3 Qc7 24. g4 Ng7 25. Nxg7 Kxg7 26. Qf6+ Kg8 27. f4 Nb6 28.
f5 Nd7 29. Qg5 Rxa1 30. Rxa1 Bc4 31. Rfd1 Re8 32. e6 Ne5 33. exf7+ Qxf7 34. Rd8
1-0

[Event "Phillips & Drew Knights"]
[Site "London"]
[Date "1980.04.11"]
[Round "1"]
[White "Van der Sterren, Paul"]
[Black "King, Daniel J"]
[Result "1-0"]
[WhiteElo "2410"]
[BlackElo "2330"]
[PlyCount "55"]
[EventDate "1980.04.11"]
[EventType "tourn"]
[EventRounds "15"]
[EventCountry "ENG"]
[EventCategory "5"]
[SourceTitle "Britbase"]

1. Nf3 c5 2. b3 Nf6 3. Bb2 g6 4. e4 Bg7 5. e5 Nd5 6. d4 cxd4 7. Qxd4 Nc7 8. Nc3
d6 9. O-O-O Nd7 10. Qa4 dxe5 11. h4 Ne6 12. h5 a6 13. Nd5 Nec5 14. Qh4 Bf6 15.
Nxf6+ exf6 16. hxg6 fxg6 17. Bc4 Qe7 18. g4 b5 19. Bd5 Bb7 20. Bxb7 Nxb7 21.
Rxd7 Kxd7 22. g5 fxg5 23. Qg4+ Kc7 24. Bxe5+ Nd6 25. Qd4 Rhd8 26. Bf6 Qe4 27.
Rxh7+ Kc6 28. Ne5+ 1-0

[Event "Phillips & Drew Knights"]
[Site "London"]
[Date "1980.04.12"]
[Round "2"]
[White "Britton, Richard"]
[Black "Van der Sterren, Paul"]
[Result "0-1"]
[WhiteElo "2330"]
[BlackElo "2410"]
[PlyCount "96"]
[EventDate "1980.04.11"]
[EventType "tourn"]
[EventRounds "15"]
[EventCountry "ENG"]
[EventCategory "5"]
[SourceTitle "Britbase"]

1. e4 c5 2. Nf3 e6 3. d4 cxd4 4. Nxd4 Nf6 5. Nc3 d6 6. Be2 a6 7. O-O Be7 8. Be3
O-O 9. a4 Nc6 10. Nb3 b6 11. Qd2 Bb7 12. Rfd1 Qc7 13. f3 Nd7 14. Bf1 Rab8 15.
Nc1 Nce5 16. b3 Rbc8 17. N1a2 f5 18. f4 Ng4 19. Bc4 d5 20. exd5 Nxe3 21. Qxe3
Bc5 22. Rd4 exd5 23. Bxd5+ Bxd5 24. Nxd5 Rfe8 25. Qxe8+ Rxe8 26. Nxc7 Bxd4+ 27.
Kf1 Re4 28. Rd1 Rxf4+ 29. Ke2 Rf2+ 30. Kd3 Be5 31. Nxa6 Rxg2 32. N2b4 Bxh2 33.
Nc6 Ne5+ 34. Nxe5 Bxe5 35. Nb4 Rg4 36. Nd5 Rd4+ 37. Ke2 Kf7 38. Nxb6 Rxd1 39.
Kxd1 h5 40. Nc4 Bd4 41. Ke2 h4 42. Nd2 Ke6 43. a5 Kd7 44. c4 h3 45. Nf1 g5 46.
Kd3 Bg1 47. Ng3 f4 48. Nf1 g4 0-1

[Event "Phillips & Drew Knights"]
[Site "London"]
[Date "1980.04.12"]
[Round "2"]
[White "Goodman, David SC"]
[Black "Kaiszauri, Konstanty"]
[Result "1/2-1/2"]
[WhiteElo "2375"]
[BlackElo "2365"]
[PlyCount "20"]
[EventDate "1980.04.11"]
[EventType "tourn"]
[EventRounds "15"]
[EventCountry "ENG"]
[EventCategory "5"]
[SourceTitle "Britbase"]

1. d4 Nf6 2. c4 e6 3. Nf3 b6 4. g3 Bb7 5. Bg2 Bb4+ 6. Bd2 Be7 7. O-O O-O 8. Nc3
d5 9. cxd5 Nxd5 10. Rc1 c5 1/2-1/2

[Event "Phillips & Drew Knights"]
[Site "London"]
[Date "1980.04.12"]
[Round "2"]
[White "Silva, Marco A"]
[Black "Wicker, Kevin J"]
[Result "1/2-1/2"]
[WhiteElo "2290"]
[BlackElo "2340"]
[PlyCount "28"]
[EventDate "1980.04.11"]
[EventType "tourn"]
[EventRounds "15"]
[EventCountry "ENG"]
[EventCategory "5"]
[SourceTitle "Britbase"]

1. e4 e6 2. Nc3 Bb4 3. Nf3 b6 4. a3 Bxc3 5. dxc3 Ne7 6. Bd3 Ba6 7. c4 d6 8. e5
d5 9. Qe2 dxc4 10. Bxc4 Bxc4 11. Qxc4 Qd5 12. Qxd5 exd5 13. O-O Nbc6 14. Re1
Nd8 1/2-1/2

[Event "Phillips & Drew Knights"]
[Site "London"]
[Date "1980.04.12"]
[Round "2"]
[White "Crouch, Colin S"]
[Black "Large, Peter G"]
[Result "0-1"]
[WhiteElo "2330"]
[BlackElo "2310"]
[PlyCount "116"]
[EventDate "1980.04.11"]
[EventType "tourn"]
[EventRounds "15"]
[EventCountry "ENG"]
[EventCategory "5"]
[SourceTitle "Britbase"]

1. e4 c5 2. c3 d5 3. exd5 Qxd5 4. d4 e6 5. Nf3 Nf6 6. Na3 Be7 7. Nb5 Na6 8. Be2
cxd4 9. Qxd4 O-O 10. O-O b6 11. Qxd5 Nxd5 12. c4 Nf6 13. Ne5 Bb7 14. Bg5 h6 15.
Bh4 Nc5 16. b4 Nce4 17. f3 Nd2 18. Rfd1 Bxb4 19. Be1 a6 20. Nd4 Bc3 21. Ndc6
Bxa1 22. Rxa1 Nxc4 23. Bxc4 Rfe8 24. Nd4 Rac8 25. Bf1 Red8 26. Nb3 a5 27. Nc4
Nd5 28. Bf2 a4 29. Nd4 Rd7 30. Rb1 Rdc7 31. Nd6 Rd8 32. Nxb7 Rxb7 33. Rc1 Rc7
34. Rxc7 Nxc7 35. g3 Rd5 36. Be3 b5 37. Kf2 Rc5 38. Bd3 Rc3 39. Bb1 b4 40. Bd2
Rc4 41. Ke3 Nd5+ 42. Kd3 Rc8 43. f4 Rd8 44. Bc2 Ra8 45. Bb1 Ra7 46. Be1 g5 47.
f5 Rc7 48. Bd2 e5 49. Ke4 Rc5 50. Ne2 Nf6+ 51. Kd3 e4+ 52. Ke3 Rxf5 53. Bxb4
Rb5 54. a3 Nd5+ 55. Kxe4 Nxb4 56. Nd4 f5+ 57. Nxf5 Nc6 58. Bc2 Rxf5 0-1

[Event "Phillips & Drew Knights"]
[Site "London"]
[Date "1980.04.12"]
[Round "2"]
[White "Friedgood, David"]
[Black "Povah, Nigel"]
[Result "1-0"]
[WhiteElo "2335"]
[BlackElo "2385"]
[PlyCount "97"]
[EventDate "1980.04.11"]
[EventType "tourn"]
[EventRounds "15"]
[EventCountry "ENG"]
[EventCategory "5"]
[SourceTitle "Britbase"]

1. c4 e5 2. Nc3 Nf6 3. g3 Bb4 4. Bg2 O-O 5. Nf3 Re8 6. O-O e4 7. Nd4 Nc6 8. Nc2
Bxc3 9. dxc3 h6 10. Ne3 b6 11. f4 Ne7 12. Qc2 d6 13. f5 Bb7 14. Bd2 a5 15. a4
Qd7 16. Rad1 Qc6 17. Kh1 Qc5 18. b4 Qc6 19. b5 Qc5 20. Qc1 Rad8 21. Be1 h5 22.
Rf4 d5 23. Bf2 dxc4 24. Ng4 Rxd1+ 25. Qxd1 Qd5 26. Nxf6+ gxf6 27. Qxd5 Nxd5 28.
Rxe4 Rxe4 29. Bxe4 Kf8 30. Kg2 Ke7 31. Kf3 Kd6 32. Bd4 c6 33. bxc6 Bxc6 34.
Bxd5 Kxd5 35. e4+ Kd6 36. Bxb6 Bxa4 37. Bxa5 Ke7 38. Kf4 Bd1 39. h3 Be2 40.
Bb4+ Kd7 41. g4 Ke8 42. gxh5 Bxh5 43. e5 fxe5+ 44. Kxe5 Bf3 45. Kf6 Bg2 46. h4
Bf3 47. Kg5 Be2 48. h5 f6+ 49. Kg6 1-0

[Event "Phillips & Drew Knights"]
[Site "London"]
[Date "1980.04.12"]
[Round "2"]
[White "Blackstock, Leslie Steven F"]
[Black "Plaskett, H James"]
[Result "0-1"]
[WhiteElo "2345"]
[BlackElo "2405"]
[PlyCount "80"]
[EventDate "1980.04.11"]
[EventType "tourn"]
[EventRounds "15"]
[EventCountry "ENG"]
[EventCategory "5"]
[SourceTitle "Britbase"]

1. c4 e5 2. Nc3 Nf6 3. Nf3 Nc6 4. e3 d6 5. d4 g6 6. b3 Bg7 7. dxe5 Nxe5 8. Nxe5
dxe5 9. Qxd8+ Kxd8 10. Ba3 Bd7 11. O-O-O Re8 12. Be2 Bf8 13. Bxf8 Rxf8 14. g4
c6 15. g5 Ne8 16. Bg4 f5 17. gxf6 Nxf6 18. Bxd7 Nxd7 19. Ne4 Ke7 20. Rd2 Nf6
21. Nxf6 Kxf6 22. Rd7 Rf7 23. Rxf7+ Kxf7 24. Kd2 Ke6 25. f3 Rf8 26. Ke2 Rf5 27.
Rg1 Rh5 28. Rg2 Rh3 29. e4 Kf6 30. Rf2 Rh4 31. Kf1 Ke7 32. Rd2 Rf4 33. Kf2 Rf8
34. Kg3 h6 35. h4 a5 36. c5 Rd8 37. Rxd8 Kxd8 38. h5 Ke7 39. Kg4 Kf6 40. a3
gxh5+ 0-1

[Event "Phillips & Drew Knights"]
[Site "London"]
[Date "1980.04.12"]
[Round "2"]
[White "Botterill, George S"]
[Black "Flear, Glenn C"]
[Result "1-0"]
[WhiteElo "2420"]
[BlackElo "2320"]
[PlyCount "45"]
[EventDate "1980.04.11"]
[EventType "tourn"]
[EventRounds "15"]
[EventCountry "ENG"]
[EventCategory "5"]
[SourceTitle "Britbase"]

1. Nf3 d5 2. b3 f6 3. d4 Bg4 4. Bb2 Nc6 5. Nbd2 Qd7 6. c4 e5 7. cxd5 Nxd4 8. e3
Nxf3+ 9. gxf3 Bb4 10. fxg4 Qxd5 11. Rg1 O-O-O 12. Bc1 Ne7 13. a3 Bc3 14. Ra2
Rd6 15. Qc2 Qa5 16. b4 Qd5 17. Qxc3 Qxa2 18. Bc4 Rc6 19. b5 Rc5 20. Nb3 Rxc4
21. Qxc4 Kb8 22. Nd2 Qa1 23. Qc2 1-0

[Event "Phillips & Drew Knights"]
[Site "London"]
[Date "1980.04.13"]
[Round "3"]
[White "Plaskett, H James"]
[Black "Botterill, George S"]
[Result "0-1"]
[WhiteElo "2405"]
[BlackElo "2420"]
[PlyCount "56"]
[EventDate "1980.04.11"]
[EventType "tourn"]
[EventRounds "15"]
[EventCountry "ENG"]
[EventCategory "5"]
[SourceTitle "Britbase"]

1. c4 Nf6 2. Nc3 e6 3. d4 d5 4. Nf3 c6 5. Qd3 Nbd7 6. g3 Be7 7. Bg2 b6 8. O-O
O-O 9. e4 Ba6 10. b3 dxc4 11. bxc4 e5 12. Rd1 Qc7 13. dxe5 Nxe5 14. Nxe5 Qxe5
15. Bb2 Qe6 16. e5 Ng4 17. Re1 Nxf2 18. Kxf2 Bc5+ 19. Re3 Rad8 20. Qc2 Bxe3+
21. Kxe3 Qh6+ 22. Ke2 Bxc4+ 23. Ke1 Qe3+ 24. Ne2 Bd3 25. Bc1 Qxe5 26. Qb2 Rfe8
27. Bf3 Qf5 28. Bf4 g5 0-1

[Event "Phillips & Drew Knights"]
[Site "London"]
[Date "1980.04.13"]
[Round "3"]
[White "Povah, Nigel"]
[Black "Blackstock, Leslie Steven F"]
[Result "1/2-1/2"]
[WhiteElo "2385"]
[BlackElo "2345"]
[PlyCount "58"]
[EventDate "1980.04.11"]
[EventType "tourn"]
[EventRounds "15"]
[EventCountry "ENG"]
[EventCategory "5"]
[SourceTitle "Britbase"]

1. e4 c5 2. Nf3 d6 3. d4 cxd4 4. Nxd4 Nf6 5. Nc3 a6 6. Bg5 Nc6 7. Qd2 e6 8.
O-O-O Bd7 9. f4 b5 10. e5 dxe5 11. fxe5 Nxe5 12. Qe1 Qc7 13. Kb1 b4 14. Bf4
bxc3 15. Bxe5 Qb7 16. Qxc3 Be7 17. Be2 Rc8 18. Bf3 Qa7 19. Nc6 Qb6 20. Bd4 Qb5
21. Na7 Rxc3 22. Nxb5 Rxf3 23. Nc7+ Kd8 24. Bb6 Rf5 25. g4 Nxg4 26. Nd5+ Ke8
27. Nc7+ Kd8 28. Nd5+ Ke8 29. Nc7+ Kd8 1/2-1/2

[Event "Phillips & Drew Knights"]
[Site "London"]
[Date "1980.04.13"]
[Round "3"]
[White "Large, Peter G"]
[Black "Friedgood, David"]
[Result "1-0"]
[WhiteElo "2310"]
[BlackElo "2335"]
[PlyCount "119"]
[EventDate "1980.04.11"]
[EventType "tourn"]
[EventRounds "15"]
[EventCountry "ENG"]
[EventCategory "5"]
[SourceTitle "Britbase"]

1. e4 c5 2. Nf3 Nc6 3. d4 cxd4 4. Nxd4 Nf6 5. Nc3 d6 6. Bc4 Qb6 7. Nb3 e6 8.
O-O a6 9. a4 Be7 10. a5 Qc7 11. Be2 O-O 12. Kh1 d5 13. exd5 Rd8 14. Be3 Nxd5
15. Nxd5 Rxd5 16. Qe1 Bb4 17. Bb6 Qxb6 18. axb6 Bxe1 19. Rfxe1 e5 20. c4 Rd8
21. Bf3 Nd4 22. Nxd4 exd4 23. Rad1 Kf8 24. Re5 Be6 25. Bxb7 Rab8 26. Bxa6 Rxb6
27. Bb5 d3 28. Rd2 f6 29. Re3 Bf5 30. g4 Bg6 31. f4 Be8 32. Bxe8 Rxe8 33. Rexd3
Re1+ 34. Kg2 Rb1 35. Rc3 R1xb2 36. Rxb2 Rxb2+ 37. Kg3 Ke7 38. Ra3 Rb7 39. Kf3
Kd6 40. Ke4 Kc5 41. Kd3 Kb4 42. Ra8 Rd7+ 43. Ke4 Kxc4 44. Rc8+ Kb5 45. h4 Kb6
46. h5 g6 47. hxg6 hxg6 48. Rg8 Re7+ 49. Kf3 g5 50. Rg6 Kc7 51. Rxf6 gxf4 52.
Kxf4 Rg7 53. Kf5 Kd7 54. Ra6 Rg8 55. Ra7+ Kd6 56. g5 Rf8+ 57. Kg6 Ke6 58. Kg7
Rf1 59. g6 Rg1 60. Kh7 1-0

[Event "Phillips & Drew Knights"]
[Site "London"]
[Date "1980.04.13"]
[Round "3"]
[White "Wicker, Kevin J"]
[Black "Crouch, Colin S"]
[Result "1/2-1/2"]
[WhiteElo "2340"]
[BlackElo "2330"]
[PlyCount "111"]
[EventDate "1980.04.11"]
[EventType "tourn"]
[EventRounds "15"]
[EventCountry "ENG"]
[EventCategory "5"]
[SourceTitle "Britbase"]

1. d4 d5 2. c4 c6 3. Nc3 Nf6 4. Bg5 dxc4 5. e4 b5 6. e5 h6 7. Bd2 Nd5 8. a4 a5
9. axb5 Nxc3 10. Bxc3 cxb5 11. b3 e6 12. bxc4 b4 13. Bb2 Bb7 14. Nf3 Qd7 15.
Bd3 a4 16. O-O b3 17. d5 Bb4 18. dxe6 fxe6 19. Bg6+ Ke7 20. Qc1 Bxf3 21. gxf3
Bd2 22. Ba3+ Kd8 23. Qb2 Kc8 24. Rfd1 Rd8 25. Bd6 Bg5 26. Qxb3 axb3 27. Rxa8
Qc7 28. Be4 Be7 29. c5 Bxd6 30. cxd6 Qc5 31. Rb1 Qxe5 32. Rxb3 Qxd6 33. Rc3+
Kd7 34. Rd3 Qxd3 35. Bxd3 Nc6 36. Ra1 Ke7 37. Be4 Nd4 38. Kg2 Ne2 39. Ra2 Nf4+
40. Kg3 g5 41. Ra7+ Rd7 42. Rxd7+ Kxd7 43. h4 Nh5+ 44. Kh3 Nf6 45. hxg5 hxg5
46. Kg3 Kd6 47. Bg6 e5 48. Kg2 Kc5 49. Kf1 Nd5 50. Bf5 Nf4 51. Ke1 Kc4 52. Kd2
Kd4 53. Kc2 Ng2 54. Kd2 Nh4 55. Bg4 Ng6 56. Bf5 1/2-1/2

[Event "Phillips & Drew Knights"]
[Site "London"]
[Date "1980.04.13"]
[Round "3"]
[White "Kaiszauri, Konstanty"]
[Black "Silva, Marco A"]
[Result "1-0"]
[WhiteElo "2365"]
[BlackElo "2290"]
[PlyCount "69"]
[EventDate "1980.04.11"]
[EventType "tourn"]
[EventRounds "15"]
[EventCountry "ENG"]
[EventCategory "5"]
[SourceTitle "Britbase"]

1. c4 Nf6 2. Nc3 d5 3. cxd5 Nxd5 4. Nf3 g6 5. e4 Nb6 6. d4 Bg7 7. h3 O-O 8. Be2
c6 9. O-O Na6 10. Bg5 Nc7 11. Qd2 Be6 12. Bh6 Bc4 13. Bxg7 Kxg7 14. Rad1 Bxe2
15. Nxe2 Qd6 16. Ne5 Rad8 17. Qa5 f6 18. Nd3 Nc4 19. Qc3 Qe6 20. Nef4 Qf7 21.
d5 Nd6 22. dxc6 e5 23. Ne2 Ncb5 24. Qc5 Qxa2 25. cxb7 Qa6 26. Nxe5 fxe5 27.
Qxe5+ Kg8 28. Qe6+ Kg7 29. e5 Rde8 30. Qd7+ Nf7 31. Rd5 Nc7 32. Qxc7 Qxe2 33.
Rd7 Qxb2 34. e6 Kh8 35. Rxf7 1-0

[Event "Phillips & Drew Knights"]
[Site "London"]
[Date "1980.04.13"]
[Round "3"]
[White "Van der Sterren, Paul"]
[Black "Goodman, David SC"]
[Result "1-0"]
[WhiteElo "2410"]
[BlackElo "2375"]
[PlyCount "55"]
[EventDate "1980.04.11"]
[EventType "tourn"]
[EventRounds "15"]
[EventCountry "ENG"]
[EventCategory "5"]
[SourceTitle "Britbase"]

1. e4 g6 2. d4 d6 3. Nc3 Bg7 4. f4 Nc6 5. Be3 Nf6 6. h3 O-O 7. g4 e5 8. dxe5
dxe5 9. f5 gxf5 10. exf5 Nd4 11. Bg2 Ne8 12. Nge2 Nd6 13. Qd3 c5 14. O-O-O Bd7
15. Ng3 Qa5 16. Kb1 f6 17. Nce4 Nxe4 18. Bxe4 Bb5 19. Qd2 Qa6 20. c3 Nc6 21.
Nh5 Rad8 22. Bd5+ Kh8 23. Bh6 Bd3+ 24. Ka1 Rxd5 25. Bxg7+ Kg8 26. Nxf6+ Kxg7
27. Qg5+ Kh8 28. Qh6 1-0

[Event "Phillips & Drew Knights"]
[Site "London"]
[Date "1980.04.13"]
[Round "3"]
[White "King, Daniel J"]
[Black "Britton, Richard"]
[Result "1-0"]
[WhiteElo "2330"]
[BlackElo "2330"]
[PlyCount "80"]
[EventDate "1980.04.11"]
[EventType "tourn"]
[EventRounds "15"]
[EventCountry "ENG"]
[EventCategory "5"]
[SourceTitle "Britbase"]

1. e4 c5 2. Nf3 d6 3. Bb5+ Bd7 4. Bxd7+ Qxd7 5. O-O Nc6 6. c3 Nf6 7. d4 Nxe4 8.
d5 Ne5 9. Re1 Nxf3+ 10. Qxf3 Nf6 11. c4 b6 12. Nc3 h6 13. Bf4 g5 14. Bg3 Bg7
15. Qe2 Kf8 16. h3 h5 17. h4 Bh6 18. a4 a5 19. Ra3 Rg8 20. Rb3 Rb8 21. Ne4 Nxe4
22. Qxh5 Rg6 23. Rxe4 g4 24. Bf4 Bg7 25. Bg5 Qxa4 26. Bxe7+ Kg8 27. Rg3 Re8 28.
Qf5 Be5 29. Rxe5 dxe5 30. d6 e4 31. h5 Rg7 32. Bf6 Qd1+ 33. Kh2 Qxd6 34. Bxg7
Kxg7 35. Qxg4+ Kf8 36. Qg7+ Ke7 37. h6 e3 38. fxe3 Kd7 39. Qxf7+ Re7 40. Qf4
Re5 1-0

[Event "Phillips & Drew Knights"]
[Site "London"]
[Date "1980.04.14"]
[Round "4"]
[White "Goodman, David SC"]
[Black "King, Daniel J"]
[Result "1-0"]
[WhiteElo "2375"]
[BlackElo "2330"]
[PlyCount "103"]
[EventDate "1980.04.11"]
[EventType "tourn"]
[EventRounds "15"]
[EventCountry "ENG"]
[EventCategory "5"]
[SourceTitle "Britbase"]

1. d4 Nf6 2. c4 g6 3. d5 Bg7 4. Nc3 d6 5. e4 Nbd7 6. Be3 O-O 7. f3 c6 8. Qd2 a6
9. Nge2 Ne5 10. Nd4 Bd7 11. f4 Neg4 12. Bg1 e5 13. dxe6 fxe6 14. h3 Nh6 15. Nf3
Nh5 16. Bh2 Nf7 17. g4 Nf6 18. e5 Ne8 19. Ne4 d5 20. Ng3 Qe7 21. g5 Nd8 22. Bg1
b5 23. c5 Nb7 24. Rc1 Nc7 25. h4 Qf7 26. Be3 d4 27. Nxd4 Nd5 28. Nde2 Rad8 29.
Bg2 Be8 30. Bxd5 exd5 31. Nd4 Bd7 32. h5 Rde8 33. hxg6 Qxg6 34. Nf3 Bg4 35. Nh4
Qe6 36. O-O Nd8 37. Bd4 Qe7 38. b4 Ne6 39. Rce1 Qf7 40. f5 Bh3 41. fxe6 Qxe6
42. Rxf8+ Rxf8 43. Ng2 {(sealed)} Qg4 44. Kh2 Rf3 45. Bf2 Qc8 46. Nf4 Bg4 47.
Bd4 Qf8 48. Rf1 Rxf1 49. Nxf1 Qf5 50. e6 Qxg5 51. Bxg7 Kxg7 52. Qe3 1-0